000 00454nam a2200145Ia 4500
003 OSt
005 20260123105728.0
008 211028s2016 xx 000 0 und d
040 _cAIMIT LIBRARY
041 _aeng
100 _aFurtado, Joyson Benjamine; James, Justine.
_g1416068
_97490
245 _aStudy on employees perception towards performance appraisal at big bazaar Mangalore /
260 _aMangalore
_bJustine James.
_c2016
942 _2ddc
_cPRO
999 _c219058
_d219058